| 000 | 00646nam a2200217 a 4500 | ||
|---|---|---|---|
| 001 | 65166 | ||
| 003 | BD-RjUL | ||
| 005 | 20211209081407.0 | ||
| 008 | 170228s1966 enka 000 0 eng | ||
| 035 | _a(BD-RjUL)65296 | ||
| 040 |
_aDLC _cOClU _dOCoLC _dBD-RjUL _beng |
||
| 041 | 1 |
_aeng _hger |
|
| 082 |
_a759.3 _223 _bZID 1966 |
||
| 100 |
_aZimmermann Horst _9192988 |
||
| 245 | 0 | 4 |
_aDresden Gallery : _bmodern masters / _cHorst Zimmermann |
| 260 |
_aLondon : _bPeter owen, _c1966 |
||
| 300 |
_a125 p. : _bill, ; _c22 cm. |
||
| 610 | 2 | 0 |
_aGemäldegalerie (Dresden, Germany) _9192989 |
| 650 | 0 |
_aPainting _zGermany _zDresden. _9192990 |
|
| 942 |
_2ddc _cBK |
||
| 999 |
_c65166 _d65166 |
||